000
00292nam a2200121Ia 4500
008
190722s9999 xx 000 0 und d
020
_a
978-93-5014-562-3
100
_a
Shadab Irfan
245
0
_a
Real Time System
260
_a
New Delhi
_b
S.K. Kataria & Sons
_c
2014
300
_a
356
942
_c
BK
999
_c
125
_d
125